| 000 | 00608nam a22001937a 4500 | ||
|---|---|---|---|
| 999 |
_c173216 _d173216 |
||
| 005 | 20200220125032.0 | ||
| 010 | _aENG-127909 | ||
| 020 |
_c595.00 _a9789387593 |
||
| 035 | _aEN-111441 | ||
| 037 | _bDBAD/PUB | ||
| 082 | _a658.5 | ||
| 100 | _aD R Kiran | ||
| 245 |
_aProduction Planning and Control: _cD R Kiran _ba comprehensive approach |
||
| 260 |
_aHyderabad _c2018 _bBSP Publications |
||
| 270 |
_a4-4-309/316,Giriraj Lane,Sultan Bazar _e500095 _bHyderabad |
||
| 300 |
_a585p. _b24cm(pbk) |
||
| 500 | _aincludes bibliographical references and index | ||
| 942 |
_2ddc _cEN _h658.5 _mKIR |
||